|
|
|
|
| LEADER |
00648cam a2200181 7i4500 |
| 001 |
0000007248 |
| 005 |
20170218090000.0 |
| 020 |
|
|
|a 1572316322 (pbk.)
|
| 090 |
0 |
0 |
|a QA76.9.C55
|b M29 1998
|
| 245 |
0 |
0 |
|a Microsoft SQL server 6.5 :
|b resource guide
|c Microsoft Corporation.
|
| 260 |
|
|
|a Redmond, Wash.:
|b Microsoft Press,
|c 1998.
|
| 300 |
|
|
|a xxxix, 947 p.:
|b ill.;
|c 23 cm.
|
| 500 |
|
|
|a Includes index
|
| 650 |
0 |
0 |
|a Microsoft BackOffice
|
| 650 |
0 |
0 |
|a Client/server computing
|
| 710 |
2 |
|
|a Microsoft Corporation
|
| 997 |
|
|
|a Communication, Visual Art & Computing, Faculty
|b Computing, Department
|
| 999 |
|
|
|a 0000000993
|b BOK
|c OPEN SHELF
|e 2nd Floor, Bestari Jaya
|